Canadian organizational behaviour / (Record no. 7417)

MARC details
000 -LEADER
fixed length control field 01514cam a2200193 a 4500
020 ## - INTERNATIONAL STANDARD BOOK NUMBER
ISBN 0075603160
020 ## - INTERNATIONAL STANDARD BOOK NUMBER
ISBN 9780075603160
050 #4 - CALL NUMBER
Classification number HD58.7
Item number .M32
100 1# - AUTHOR
Personal name McShane, Steven Lattimore.
245 10 - TITLE
Title Canadian organizational behaviour /
Statement of responsibility, etc Steven L. McShane.
250 ## - EDITION
Edition statement 3rd ed.
260 ## - PUBLICATION INFORMATION
Place of publication Toronto, Ont. :
Name of publisher McGraw-Hill Ryerson,
Year of publication ©1998.
300 ## - DESCRIPTION
Number of Pages xxxv, 618 pages :
Other physical details illustrations (mostly color), color portraits ;
Dimensions 26 cm
500 ## - NOTES
General note Includes index
505 ## - FORMATTED CONTENTS NOTE
Table of Content Part 1. Introduction:<br/>1. Introduction to the Field of Organizational Behaviour --<br/>Part 2. Individual Behaviour:<br/>2. Individual Behaviour and Learning in Organizations --<br/>3. Foundations of Employee Motivation --<br/>4. Applied Motivation Practices --<br/>5. Stress Management --<br/>Part 3. Individual and Interpersonal Processes:<br/>6. Perception and Personality in Organizations --<br/>7. Workplace Emotions, Values, and Ethics --<br/>8. Communicating in Organizational Settings --<br/>Part 4. Team Processes:<br/>9. Team Dynamics --<br/>10. Decision Making and Employee Involvement --<br/>11. Creativity and Team Decision Making --<br/>12. Organizational Power and Politics --<br/>13. Organizational Conflict and Negotiation --<br/>14. Organizational Leadership --<br/>Part 5. Organizational Processes<br/>15. Organizational Change and Development --<br/>16. Organizational Structure and Design --<br/>17. Organizational Culture --<br/>18. Employee Relationship and Career Dynamics.
650 #0 - SUBJECTS
Topical Term Organizational behavior.
650 #0 - SUBJECTS
Topical Term Organizational behavior
942 ## - ADDED ENTRY ELEMENTS (KOHA)
Koha item type Books
Holdings
Withdrawn status Lost status Collection code Home library Current library Shelving location Date acquired Full call number Accession Number Koha item type
    Reference Methodist University Library Main Methodist University Library Main General Stacks 19/10/2020 HD58.7 .M32 12083 Books
    Reference Methodist University Library Main Methodist University Library Main General Stacks 19/10/2020 HD58.7 .M32 12084 Books
Copyright © 2026  MUG Library